Vista normal Vista MARC

Entrada Nombre personal

Número de registros utilizados en: 1

001 - NÚMERO DE CONTROL

  • Campo de control: 45475

003 - IDENTIFICADOR DE NÚMERO DE CONTROL

  • Campo de control: OSt

005 - FECHA Y HORA DE LA ULTIMA MODIFICACION

  • Campo de control: 20210707151847.0

008 - ELEMENTOS DE DATOS DE LONGITUD FIJA

  • Campo de longitud fija: 210707|| aca||aabn | a|a d

040 ## - FUENTE DE LA CATALOGACIÓN

  • Agencia original de catalogación: OSt

100 1# - ENCABEZAMIENTO--NOMBRE DE PERSONA

  • Nombre personal: Valencia Espinoza, Gerardo David

670 ## - FUENTE DE DATOS ENCONTRADOS

  • Fuente de citación: Investigación, comportamiento de las ventas ante la diversificación de métodos de pago en las microempresas en el área urbana de la Ciudad de Santa Ana.-

670 ## - FUENTE DE DATOS ENCONTRADOS

  • Fuente de citación: BMC.- 07-07-2021